Práce lidové knihovny

Bibliographic Details
Main Author: Denisjev, Vitalij Nikolajevič, 1895-1968 (Author)
Format: Book
Language:Undetermined
PhysicalDescription:188 s.
Published: Praha Ministerstvo informací a osvěty 1951

MARC

LEADER 00000nam a2200000 a 4500
001 vtls001305103
003 SK-MaSNL
005 20260301155703.0
008 240314s1951 xx 0 und
035 |a SNK000257323 
040 |a SNK  |b slo  |c SNK  |e AACR2 
100 1 |a Denisjev, Vitalij Nikolajevič,  |d 1895-1968  |4 aut  |9 187798 
245 1 0 |a Práce lidové knihovny 
260 |a Praha  |b Ministerstvo informací a osvěty  |c 1951 
300 |a 188 s. 
999 |c 802252  |d 804182 
952 |t P60, <04>, [BOOK], {604}  |a SNK  |b SNK  |y VYP  |7 0  |p 17A0101414  |o snkID 8168/7  |0 0  |1 0  |4 0  |d 1997-10-02  |l 0  |r 2005-01-02 00:00:00  |w 2026-02-24